000 00583nam a2200229Ia 4500
008 101110s9999 xx 000 0 und d
041 _aMARATHI
082 _bJR6101
100 _aMalavi Vanraj
245 _aKisse business worldche
260 _c2009
_bSelf Development publication, Mimbai
300 _a90
365 _b90
520 _acommerce
520 _aGowande sir Interest & expenditure/2008-09
546 _aMARATHI
630 _aKisse business worldche
650 _acommerce
655 _acommerce
730 _aKisse business worldche
942 _cBOOK
999 _c796894
_d796891